Normal view MARC view

Entry Personal Name

Number of records used in: 1

001 - CONTROL NUMBER

  • control field: 10555

003 - CONTROL NUMBER IDENTIFIER

  • control field: DLC

005 - DATE AND TIME OF LATEST TRANSACTION

  • control field: 20250530111624.0

008 - FIXED-LENGTH DATA ELEMENTS

  • fixed length control field: 810824n| acannaabn |n aaa

010 ## - LIBRARY OF CONGRESS CONTROL NUMBER

  • LC control number: n 81068660

035 ## - SYSTEM CONTROL NUMBER

  • System control number: (OCoLC)oca00614005

040 ## - CATALOGING SOURCE

  • Original cataloging agency: DLC
  • Transcribing agency: DLC
  • Modifying agency: InU

100 1# - HEADING--PERSONAL NAME

  • Personal name: Fisher, Philip A.

670 ## - SOURCE DATA FOUND

  • Source citation: His Common stocks and uncommon profits, 1958.

670 ## - SOURCE DATA FOUND

  • Source citation: LATimes, April 21, 2004, sect. B-13
  • Information found: (death of Philip Fisher reported by his son as having occurred March 11, 2004, aged 96)

Powered by Koha